000 00667nam a22002297a 4500
003 UA-OsUOA
001 89371
007 ta
008 20121105b un ||||| |||| 00| 0 ukr d
100 _aГулак-Артемовський П. П.
090 _a821.161.2
_bГ94
942 _cBK
040 _aUA-OsUOA
_bukr
_cUA-OsUOA
_dUA-OsUOA
245 _aВибрані твори
300 _a87 с.
955 _a3
041 _aukr
080 _a821.161.2
260 _aК.
_bДержавне видавництво художньої літератури
_c1950
650 7 _a82 Література. Літературознавство
_2UDC
999 _c375656
_d375656